00662nam a2200217Ia 4500003000400000005001700004006001800021007000300039008004100042024000900083037001100092040001800103041001300121100002400134110006900158245009100227260000900318650001400327700003400341700006900375OSt20220930065750.0a|||||r|||| 00| 0ta220926b |||||||| |||| 00| 0 eng d a6067 cTheses aCRLcCRLbeng 2engaeng aMahajan Vishwa Paul aUniversity of Delhi. Faculty of Science. Department of Chemistry 0aChemical components of Indian medicinal plants bSelinum vaginatum and Seseli sibricum c1971 aCHEMISTRY a Prof T R Seshadri Supervisor aUniversity of Delhi. Faculty of Science. Department of Chemistry